| 000 | 00870nam a2200265 a 4500 | ||
|---|---|---|---|
| 005 | 20230125144524.0 | ||
| 008 | 230125t2022 my ||||| |||| 00| 0 eng d | ||
| 020 | _a9789670031132 | ||
| 040 | _aAKMAL | ||
| 082 | _a658.3 LEE | ||
| 090 |
_a658.3 _bLEE |
||
| 100 |
_aLee, Su Teng _99468 |
||
| 245 |
_aStrategies for Dealing with Workplace Problems _cLee Su Teng |
||
| 260 |
_aSintok : _bUniversiti Utara Malaysia, _c2022 |
||
| 300 |
_avii, 193p. : _bill. ; _c23cm |
||
| 500 | _aIncludes references and index | ||
| 650 |
_aPersonnel management _xLabor laws and legislation _99469 |
||
| 650 |
_aIndustrial safety _xIndustrial hygiene _99470 |
||
| 650 |
_aGovernment publications _zMalaysia _99471 |
||
| 700 |
_aHarlida Abdul Wahab _99472 |
||
| 700 |
_aOng, Lin Dar _99473 |
||
| 700 |
_aRosmawani Che Hashim _99474 |
||
| 700 |
_aYong, Chen Chen _99475 |
||
| 942 |
_2ddc _cBOOK |
||
| 999 |
_c4962 _d4962 |
||